Biophysical thermodynamics of intracellular processes: molecular machines of the living cell
Kaydedildi:
| Asıl Yazarlar: | , |
|---|---|
| Materyal Türü: | Kitap |
| Dil: | İngilizce |
| Baskı/Yayın Bilgisi: |
Nueva York
Springer-Verlag
1994
|
| Konular: | |
| Etiketler: |
Etiketle
Etiket eklenmemiş, İlk siz ekleyin!
|
MARC
| LEADER | 00000nam a2200000 a 4500 | ||
|---|---|---|---|
| 001 | UCN0860 | ||
| 003 | CL-VaPUC | ||
| 008 | 010406e19940000US |||||||||||||||||eng|d | ||
| 082 | 0 | 4 | |a 571.4 |b BLU |2 21 |
| 100 | 0 | |a Blumenfeld, Lev A |e author |9 456138 | |
| 700 | 0 | |a Tikhonov, Alexander N |e author |9 456139 | |
| 245 | 1 | 0 | |a Biophysical thermodynamics of intracellular processes: molecular machines of the living cell |
| 300 | |a 177 p | ||
| 942 | |c BK | ||
| 945 | |d 20010406 00:00:00 |a cmena | ||
| 260 | |a Nueva York |b Springer-Verlag |c 1994 | ||
| 650 | 0 | |a Termodinámica |9 259320 | |
| 650 | 0 | |a Bioenergética |9 264272 | |
| 650 | 0 | |a Cinética química |9 344779 | |
| 650 | 0 | |a Enzimas |9 262984 | |
| 583 | |a last modification |c 20180403 11:26:34 |k Rodrigo Vera | ||
| 999 | |c 294475 |d 294473 | ||
| 952 | |0 0 |1 0 |4 0 |6 571_400000000000000_BLU_1994 |7 0 |8 A |9 346943 |a BIBING |b BIBING |d 2019-11-20 |i 3708764 |o 571.4 BLU 1994 |p 3708764 |r 2025-01-20 |w 2019-11-20 |y BK |k EIB | ||